|
|
|
|
| LEADER |
00000nam a2200000 a 4500 |
| 001 |
vtls010626996 |
| 003 |
SK-MaSNL |
| 005 |
20260301035024.0 |
| 008 |
160429s2014 xo a a 000 0 slo |
| 015 |
|
|
|a SNBA2014/10
|
| 020 |
|
|
|a 9788089590766 (brož.)
|
| 040 |
|
|
|a SNK
|b slo
|c SNK
|e AACR2
|
| 041 |
1 |
|
|a slo
|h hun
|
| 044 |
|
|
|a xo
|c SK
|
| 072 |
|
7 |
|a 373.2/.3
|x Predškolská a primárna výchova a vzdelávanie
|2 konspekt
|
| 072 |
|
7 |
|a 0/9-053.2
|x Literatúra pre deti a mládež (náučná)
|2 konspekt
|
| 080 |
|
|
|a 316.346.32-053.4
|2 2001
|
| 080 |
|
|
|a 159.955
|2 2001
|
| 080 |
|
|
|a 379.82/.84
|2 2001
|
| 080 |
|
|
|a (0.053.2)
|2 2001
|
| 080 |
|
|
|a (076.1)
|2 2001
|
| 080 |
|
|
|a 316.346.32-053.5
|2 2001
|
| 245 |
0 |
0 |
|a Zvieratká v cirkuse
|b komplexné úlohy na rozvoj zručností 5- až 6-ročných detí
|c [zostavila: Ildikó Hernádiné Sándor ; ilustrácie: Hajnal Eszes ; preklad: Monika Dénesová]
|
| 260 |
|
|
|a [Nové Zámky]
|b Ex book
|c 2014
|
| 300 |
|
|
|a 29 s.
|b fareb. ilustr.
|c 29 cm
|
| 500 |
|
|
|a Miesto vyd. podľa ISBN
|
| 500 |
|
|
|a Pravdepodobne preložené z maď.
|
| 521 |
1 |
|
|a Pre 5-6 rokov
|
| 650 |
0 |
7 |
|a deti predškolského veku
|2 SNKPH
|9 4103
|
| 650 |
0 |
7 |
|a rozvoj myslenia
|2 SNKPH
|9 3967
|
| 650 |
0 |
7 |
|a zručnosti a znalosti
|2 SNKPH
|9 74214
|
| 650 |
0 |
7 |
|a Preschool children
|2 SNKPHeng
|9 306219
|
| 650 |
0 |
7 |
|a Development of thought
|2 SNKPHeng
|9 312971
|
| 650 |
0 |
7 |
|a Creative activities and seat work
|2 SNKPHeng
|9 313887
|
| 650 |
0 |
7 |
|a deti školského veku
|2 SNKPH
|9 1227
|
| 650 |
0 |
7 |
|a School children
|2 SNKPHeng
|9 312970
|
| 655 |
|
7 |
|a publikácie pre deti
|2 SNKPH
|9 70148
|
| 655 |
|
7 |
|a pracovné zošity
|2 SNKPH
|9 70188
|
| 655 |
|
7 |
|a Children's literature
|2 SNKPHeng
|9 276039
|
| 655 |
|
7 |
|a Activity books
|2 SNKPHeng
|9 302885
|
| 700 |
1 |
|
|a Hernádiné Sándor, Ildikó
|4 com
|9 336897
|
| 700 |
1 |
|
|a Hajnal, Eszes
|c (ilustrátorka)
|4 ill
|9 88000
|
| 700 |
1 |
|
|a Dénesová, Monika
|4 trl
|9 336082
|
| 919 |
|
|
|a 978-80-89590-76-6
|
| 958 |
|
|
|a DB
|
| 958 |
|
|
|a OP
|
| 968 |
|
|
|b MAG
|
| 999 |
|
|
|c 583049
|d 584979
|
| 952 |
|
|
|a SNK
|b SNK
|y PREZ
|7 0
|p 17A1117308
|o snkOSB 17664
|i snk2014/21153
|8 0
|0 0
|1 0
|4 0
|d 2014-10-09
|l 0
|r 2026-02-23 14:58:27
|w 2026-02-23
|
| 952 |
|
|
|a SNK
|b SNK
|y VYP
|7 0
|p 17A1117307
|o snkOSB 17664 D1
|i snk2014/21155
|8 0
|0 0
|1 0
|4 0
|d 2014-10-09
|l 0
|r 2026-02-23 14:58:27
|w 2026-02-23
|